000 00595nam a2200193Ia 4500
008 151119s9999||||xx |||||||||||||| ||und||
082 _a891.463
082 _bGKKV7211
100 _aसोनवणी संजय
245 _aआभाळात गेलेली माणसं
260 _a--
260 _b--
260 _c1992
600 _aसोनवणी संजय
630 _aआभाळात गेलेली माणसं
700 _aसोनवणी संजय
730 _aआभाळात गेलेली माणसं
942 _cBOOK
999 _c1061927
_d1061924